000 00731cab a2200217 4500
001 ABS45707
008 090401t1992 xxu||||| |||| 00| 0 eng d
035 _a(Sirsi) u54639
041 _aeng
245 _aMerseyside
260 _c1992
350 _a0
490 _aEstates Times
_v(1128) 31 January 1992, 17-25(8)
520 _aAn Estates Times Survey on Merseyside`s office, retail and industrial property market, including business parks. Comments on the local work of the Urban Development Corporation and the Property Services Agency.
650 _aLIVERPOOL
650 _aMERSEYSIDE UDC
650 _aPSA
690 _aPROPERTY-COMMERCIAL PROPERTY-COMMERCIAL PROPERTY MARKET
942 _n0
948 _c04/03/1997
999 _c33501
_d33501